| 000 | 00505nam a22001817a 4500 | ||
|---|---|---|---|
| 003 | CEME | ||
| 005 | 20210628202358.0 | ||
| 008 | 210128b xxu||||| |||| 00| 0 eng d | ||
| 020 | _a0-8031-1474-5 | ||
| 040 | _c. | ||
| 082 | _a620.1187 DAM | ||
| 100 |
_aMasters, John E _959639 |
||
| 245 | _aDamage detection in composite materials | ||
| 260 |
_aUSA _bASTM _c1992 |
||
| 300 | _aX,276P | ||
| 650 |
_aCOMPOSITE MATERIALS TESTING CONGRESSES, NON-DESTRUCTIVE TESTING CONGRESSES _959640 |
||
| 942 |
_cBK _2ddc |
||
| 999 |
_c569566 _d569566 |
||